000 00826nmc a2200313 a 4500
003 AR-BaBNM
005 20251128210705.0
008 190120s2000 ||||||||||||||000 | spa||
020 _a84-249-2469-X
040 _cAR-BaBNM
100 0 _aEsopo
245 1 0 _aFábulas de Esopo
_b; Vida de Esopo
260 _aMadrid
_bGredos
_c2000
300 1 _axxvi, 227 p.
490 0 _aBiblioteca básica Gredos
_vv. 9
650 4 _aLITERATURA GRIEGA
650 4 _aLITERATURA POPULAR
650 4 _aFABULAS
650 4 _aANIMALES
650 4 _aLEYENDAS
650 4 _aCOSTUMBRES Y TRADICIONES
650 4 _aLITERATURA FOLKLORICA
655 _aLITERATURA
700 1 _aGarcía Gual, Carlos
_eprologuista
700 1 _aBádenas de la Peña, Pedro
_etraductor
740 0 _aVida de Esopo
942 _cBK
998 _cMARTIN
999 _c16458
_d16458